Ideály humanitní ; Problém malého národa ; Demokratism v politice / T.G. Masaryk ; [k vydání připravil Josef Navrátil]
Svazek obsahuje tři závažné Masarykovy práce.
Record details
- ISBN: 80-7023-036-3
- Physical Description: 127 s.
- Edition: 2. vyd.
- Publisher: Praha : Melantrich, 1990
Content descriptions
| General Note: | Ed. pozn Rejstř. Lit. |
Search for related items by subject
| Genre: | dílo spisy |
Search for related items by series
Available copies
- 2 of 2 copies available at Common Catalog SPOK.
Holds
- 0 current holds with 2 total copies.
Other Formats and Editions
Show All Copies
| Location | Call Number / Copy Notes | Barcode | Shelving Location | Status | Due Date |
|---|---|---|---|---|---|
| Hospic Dobrého Pastýře | HI
Tematická katagorie: Historie (HI) |
2045957006680 | Knihovna | Available | - |
| Jabok Library | FL-3/Ma | 424480028172 | Odborná literatura | Available | - |
Electronic resources
Version of Resource: Obsah knihy
| LDR | 06148cam a22017777a 4500 | ||
|---|---|---|---|
| 001 | 17462 | ||
| 003 | CZ-PrJAB | ||
| 005 | 20200401164043.0 | ||
| 007 | ta | ||
| 008 | 970522s1990 xr |||||r|||||001 0|cze|d | ||
| 015 | . | ‡acnb000064271 | |
| 020 | . | ‡a80-7023-036-3 | |
| 035 | . | ‡a(CZ PrSKC)000221558 | |
| 035 | . | ‡a(OCoLC)39567412 | |
| 040 | . | ‡aABD103 ‡bcze ‡cABD103 ‡dABD103 ‡dABD107 ‡dABD005 ‡dABD064 ‡dABD156 ‡dABD067 | |
| 080 | . | ‡a17 | |
| 080 | . | ‡a172.12 | |
| 080 | . | ‡a32 | |
| 080 | . | ‡a323.1 | |
| 080 | . | ‡a929:101(437) | |
| 100 | 1 | . | ‡aMasaryk, Tomáš Garrigue, ‡d1850-1937 ‡7jk01080472 ‡4aut |
| 245 | 1 | 0. | ‡aIdeály humanitní ; ‡bProblém malého národa ; Demokratism v politice / ‡cT.G. Masaryk ; [k vydání připravil Josef Navrátil] |
| 246 | 1 | 1. | ‡aDemokratism v politice |
| 246 | 1 | 1. | ‡aProblém malého národa |
| 250 | . | ‡a2. vyd. | |
| 260 | . | ‡aPraha : ‡bMelantrich, ‡c1990 | |
| 300 | . | ‡a127 s. | |
| 490 | 1 | . | ‡aVybrané spisy T.G.M. ; ‡vsv. 1 |
| 500 | . | ‡aEd. pozn | |
| 500 | . | ‡aRejstř. | |
| 500 | . | ‡aLit. | |
| 520 | . | ‡aSvazek obsahuje tři závažné Masarykovy práce. | |
| 650 | 0 | 7. | ‡ademokracie ‡7ph117182 ‡2czenas |
| 650 | 0 | 7. | ‡aMasaryk, Tomáš Garrigue, 1850-1937 ‡2ctt |
| 650 | 0 | 7. | ‡anárod ‡2ctt |
| 650 | 0 | 7. | ‡apolitika ‡7ph115795 ‡2czenas |
| 650 | 0 | 4. | ‡aDějiny československé - r.1918 |
| 650 | 0 | 4. | ‡aMasaryk, Tomáš G. - spisy |
| 650 | 0 | 4. | ‡aPolitika česká |
| 650 | 0 | 4. | ‡ačešství, národní identita |
| 650 | 0 | 4. | ‡ademokracie, demokratická společnost |
| 650 | 0 | 7. | ‡afilozofie a politika ‡7ph170437 ‡2czenas |
| 653 | 0 | . | ‡aDemokracie ‡aNárod ‡aPolitika ‡aDemokracie ‡aFilozofie ‡aNárod ‡aPolitika |
| 655 | 4. | ‡adílo | |
| 655 | 7. | ‡aspisy ‡7fd133571 ‡2czenas | |
| 700 | 1 | . | ‡aNavrátil, Josef, ‡d1904-1980 ‡7jk01082762 ‡4edt |
| 740 | 0 | . | ‡aDemokratism v politice |
| 740 | 0 | . | ‡aProblém malého národa |
| 830 | 0. | ‡aVybrané spisy T.G.M. | |
| 856 | 4 | 1. | ‡uhttp://web.flu.cas.cz/scan/323552436.pdf ‡yObsah knihy ‡4N |
| 910 | . | ‡aABG312 | |
| 901 | . | ‡a17462 ‡bCZ PrSKC ‡c17462 ‡tbiblio | |